| 000 | 01075nam a2200217Ia 4500 | ||
|---|---|---|---|
| 999 |
_c36744 _d36744 |
||
| 001 | 2681 | ||
| 003 | GE_BSU | ||
| 005 | 20211126101406.0 | ||
| 008 | 181216s2010||||ge |||||||||||||| ||geo|| | ||
| 040 | _cGE_BSU | ||
| 041 | _ageo | ||
| 080 | _a338.48(075.8) ს–32 | ||
| 245 |
_aსაქართველოს ტურისტულ–რეკრეაციული რესურსები : _b(დამხმარე სახელმძღვანელო) / _c ი. ჭავჭავაძის სახელმწ. უნ-ტის მეცნ. და ხელოვნ., ფილოს. და სოც. მეცნ. ფაკ-ტები, ტურიზმის მენეჯმენტის ცენტრი |
||
| 264 |
_aთბილისი, _c2010. |
||
| 300 |
_a58 გვ. _b29სმ. |
||
| 504 | _a ბიბლიოგრ.: გვ. 57-58 | ||
| 541 | _h8 ლ. | ||
| 653 | _aტურიზმი | ||
| 653 | _a საქართველოს ტურისტული რესურსები | ||
| 942 |
_cBK _2udc |
||